[Event "31. DSenEM2019-Gruppe-50"]
[Site "Radebeul"]
[Date "2019.05.02"]
[Round "7.1"]
[White "Stahr, Ralf-Peter"]
[Black "Metz, Hartmut"]
[Result "1/2-1/2"]
[BlackElo "2251"]
[BlackTeam "SG Kuppenheim"]
[WhiteElo "2160"]
[WhiteTeam "Hohenleipischer SV Lok"]

1. c4 c6 2. Nc3 d5 3. e3 Nf6 4. Nf3 a6 5. d4 Bf5 6. Qb3 Ra7 7. cxd5 cxd5 8. a4
Nc6 9. Bd2 e6 10. Be2 Bd6 11. O-O O-O 12. Rfc1 h6 13. h3 Na5 14. Qa2 Qb6 15. b4
Bxb4 16. Ne5 Bd6 17. Bd3 Bxd3 18. Nxd3 Qd8 19. Ne5 Bxe5 20. dxe5 Nd7 21. f4 Nc4
22. Nd1 Nxd2 23. Qxd2 Nb6 24. Qd4 Ra8 25. Rab1 Nc4 26. Rxb7 Qa5 27. Nc3 Rac8
28. f5 Qc5 29. fxe6 fxe6 30. Ne2 Rc7 31. Rxc7 Qxc7 32. e4 Rd8 33. exd5 exd5 34.
Nf4 Qa5  1/2-1/2

[Event "31. DSenEM2019-Gruppe-50"]
[Site "Radebeul"]
[Date "2019.05.02"]
[Round "7.2"]
[White "Belke, Frank, Dr."]
[Black "Köhler, Gerhard, Dr."]
[Result "1-0"]
[BlackElo "2153"]
[BlackTeam "USV Halle"]
[WhiteElo "2283"]
[WhiteTeam "Schachclub Hietzing (Wien)"]

1. d4 Nf6 2. c4 c5 3. Nf3 cxd4 4. Nxd4 g6 5. Nc3 Bg7 6. e4 d6 7. Be2 Nc6 8. Be3
Bd7 9. O-O O-O 10. f3 Nxd4 11. Bxd4 Bc6 12. Qd2 Nd7 13. Bxg7 Kxg7 14. Qd4+ Kg8
15. Rfd1 Qb6 16. Qxb6 Nxb6 17. b3 Rfd8 18. Kf2 Kf8 19. Rd2 e5 20. Rad1 Ke7 21.
h4 h6 22. g3 Rab8 23. f4 f6 24. h5 exf4 25. gxf4 g5 26. fxg5 fxg5 27. Bg4 Rf8+
28. Kg3 Rf6 29. e5 dxe5 30. c5 Na8 31. Nd5+ Bxd5 32. Rxd5 Re8 33. Rd7+ Kf8 34.
Rxb7 a5 35. Rh7 Kg8 36. Rdd7 e4 37. Be2  1-0

[Event "31. DSenEM2019-Gruppe-50"]
[Site "Radebeul"]
[Date "2019.05.02"]
[Round "7.3"]
[White "Wenner, Tobias"]
[Black "Schatz, Christian"]
[Result "1/2-1/2"]
[BlackElo "2150"]
[BlackTeam "SV Würzburg"]
[WhiteElo "2108"]
[WhiteTeam "Sges Bensheim"]

1. Nf3 Nf6 2. g3 b6 3. Bg2 Bb7 4. d4 c5 5. O-O e6 6. c4 cxd4 7. Qxd4 d6 8. Nc3
a6 9. b3 Nbd7 10. Bb2 Be7 11. e4 O-O 12. Qe3 Qc7 13. Rac1 Rac8 14. Nd4 Rfe8 15.
Qd2 Qb8 16. Rfe1 Qa8 17. Kh1 Bf8 18. f3 h6 19. Nc2 Bc6 20. Nb4 Bb7 21. Nc2 Bc6
22. Ne3 b5 23. Ne2 bxc4 24. Nxc4 Qb8 25. Na5 Ba8 26. Nd4 Qb6 27. Nc4 Qb8 28.
Na5 Qb6 29. Nc4  1/2-1/2

[Event "31. DSenEM2019-Gruppe-50"]
[Site "Radebeul"]
[Date "2019.05.02"]
[Round "7.5"]
[White "Held, Peter"]
[Black "Bohnstorff, Michael"]
[Result "1/2-1/2"]
[BlackElo "2044"]
[BlackTeam "SC Lüneburg"]
[WhiteElo "2179"]
[WhiteTeam "SC Kreuzberg"]

1. c4 Nf6 2. Nc3 e5 3. Nf3 Nc6 4. g3 Be7 5. Bg2 O-O 6. O-O d6 7. Rb1 Be6 8. Nd5
Nxd5 9. cxd5 Bxd5 10. Qa4 Bf6 11. e4 Be6 12. b4 Qd7 13. Qc2 a6 14. d3 h6 15.
Be3 Rfc8 16. a4 Bh3 17. b5 axb5 18. axb5 Nd8 19. d4 Bxg2 20. Kxg2 exd4 21. Nxd4
Bxd4 22. Bxd4 Ne6 23. Be3 b6 24. Rfd1 Qe8 25. Rd5 f6 26. f4 Qf7 27. Rb2 Re8 28.
Qc6 Ra3 29. Re2 Rea8 30. Qc4 R8a4 31. Qc2 Ra5 32. Qd2 Qe8 33. e5 Rxb5 34. Rxb5
Qxb5 35. exd6 Qc6+ 36. Kf2 Qxd6 37. Qxd6 cxd6 38. Bc1 Ra1 39. Rxe6 Rxc1 40.
Rxd6 Rc2+ 41. Kf3  1/2-1/2

[Event "31. DSenEM2019-Gruppe-50"]
[Site "Radebeul"]
[Date "2019.05.02"]
[Round "7.6"]
[White "Schulze, Andreas"]
[Black "Kierzek, Mira"]
[Result "0-1"]
[BlackElo "1978"]
[BlackTeam "SC Fulda"]
[WhiteElo "2135"]
[WhiteTeam "TG Biberach"]

1. e4 c5 2. d3 Nc6 3. f4 g6 4. Nf3 Bg7 5. Be2 d6 6. O-O Nf6 7. Qe1 O-O 8. c3 e5
9. fxe5 dxe5 10. Na3 a6 11. Nc4 Ng4 12. a4 Be6 13. Ne3 Nxe3 14. Bxe3 b6 15. Ng5
Bd7 16. Bd1 Qe7 17. Bb3 Be8 18. Bd5 Rc8 19. Qd2 h6 20. Nh3 Kh7 21. Rf3 Bd7 22.
Raf1 Nd8 23. Qc2 Be6 24. Qb3 Rc6 25. Qc4 Qa7 26. Qa2 Rd6 27. c4 Qc7 28. a5 b5
29. cxb5 axb5 30. Rc1 Ra6 31. b4 Nb7 32. Bxc5 Nxc5 33. Rxc5 Qd7 34. Qc2 Ra7 35.
Nf2 Rd8 36. Nd1 Bf8 37. Ne3 Bxc5 38. Qxc5 Rc8 39. Qb6 Rc1+ 40. Kf2 Rb1 41. Bxe6
fxe6 42. Qb8 Rb7 43. Qxe5 Rxb4 44. Qc3 Ra4 45. Rf8 Qg7 46. Qc5 Rf7+ 47. Rxf7
Qxf7+ 48. Kg3 g5 49. Qe5 Qf4+ 50. Qxf4 gxf4+ 51. Kxf4 Rxa5 52. Ke5 Ra3 53. Kxe6
Rxd3 54. Nd5 Rd2 55. g4 Rxh2 56. e5 Rd2 57. Kd6 Kg7 58. Kc5 Kf7 59. Nf4 b4 60.
Kc4 Rf2 61. Nd3 Rf3 62. Nxb4 Rf4+ 63. Kc5 Ke6 64. Nc6 Rxg4 65. Nd8+ Kxe5 66.
Nf7+ Kf6  0-1

[Event "31. DSenEM2019-Gruppe-50"]
[Site "Radebeul"]
[Date "2019.05.02"]
[Round "7.7"]
[White "Schmidt, Gerhard"]
[Black "Proschmann, Tino"]
[Result "1-0"]
[BlackElo "2116"]
[BlackTeam "SC Großröhrsdorf]
[EventDate "2019.??.??"]
[PlyCount "125"]
[WhiteElo "2077"]
[WhiteTeam "SV Kreuztal"]

1. Nf3 c5 2. c4 g6 3. d4 Bg7 4. e4 Qa5+ 5. Nc3 d6 6. d5 Bxc3+ 7. bxc3 Bg4 8. h3
Bxf3 9. Qxf3 Nd7 10. Be2 Ne5 11. Qe3 Qa4 12. O-O Nxc4 13. Qg3 Nf6 14. Bh6 O-O-O
15. f3 Rhg8 16. Bg5 Nh5 17. Qg4+ Rd7 18. e5 b5 19. e6 fxe6 20. Qxe6 Rf8 21. f4
Ng7 22. Qe4 Nf5 23. Bg4 Nce3 24. Bxf5 Nxf5 25. Qxa4 bxa4 26. c4 h6 27. g4 Ne3
28. Bxh6 Rh8 29. Rf3 Nc2 30. Bg7 Rg8 31. Rc1 Nb4 32. Bh6 Nxa2 33. Ra1 Nb4 34.
Re3 Rh8 35. Bg5 Re8 36. Rxa4 e5 37. fxe5 Rxe5 38. Rxe5 dxe5 39. Be3 Rc7 40. Ra5
Nd3 41. Ra6 Kb7 42. Rxg6 a5 43. Bd2 a4 44. h4 a3 45. Bc3 Nf4 46. d6 Rd7 47. h5
Nxg6 48. hxg6 Rg7 49. d7 Rxd7 50. Bxe5 Rd8 51. g7 a2 52. Kf2 Ka6 53. Kf3 Re8
54. Bc3 Kb6 55. Kf4 Kc6 56. Kf5 Kd7 57. Kf6 Re6+ 58. Kf7 Re7+ 59. Kg6 Re6+ 60.
Kh7 Re7 61. Kh8 Re3 62. g8=Q Rh3+ 63. Qh7+  1-0

[Event "31. DSenEM2019-Gruppe-50"]
[Site "Radebeul"]
[Date "2019.05.02"]
[Round "7.8"]
[White "Dehn, Marcus"]
[Black "Steiger, Michael"]
[Result "1/2-1/2"]
[BlackElo "1982"]
[BlackTeam "SC Kreuzberg"]
[EventDate "2019.??.??"]
[PlyCount "80"]
[WhiteElo "2110"]
[WhiteTeam "SV KS Braunschweig"]

1. g3 g6 2. Bg2 Bg7 3. Nf3 c5 4. O-O Nc6 5. c3 Nf6 6. d3 O-O 7. Nbd2 Rb8 8. Nb3
d6 9. d4 cxd4 10. Nfxd4 Na5 11. Nxa5 Qxa5 12. Bd2 Qh5 13. e4 Qxd1 14. Rfxd1 a6
15. f3 Nd7 16. Be3 Ne5 17. b3 Nc6 18. Nxc6 bxc6 19. Bd4 c5 20. Bxg7 Kxg7 21.
Bf1 Kf6 22. Bc4 g5 23. Kf2 a5 24. Rd2 Be6 25. Bd5 Rb6 26. Rad1 Rfb8 27. Ke3 a4
28. bxa4 Ra6 29. f4 Rxa4 30. fxg5+ Ke5 31. Kf3 Ra3 32. Rc1 Rb4 33. h4 Rd4 34.
Re2 Rd3+ 35. Re3 Bg4+ 36. Kxg4 Rxe3 37. Rf1 e6 38. Bb7 Rxa2 39. Rxf7 Rxe4+ 40.
Kh5 Re3  1/2-1/2

[Event "31. DSenEM2019-Gruppe-50"]
[Site "Radebeul"]
[Date "2019.05.02"]
[Round "7.9"]
[White "Valet, Richard"]
[Black "Spiess, Thomas"]
[Result "1/2-1/2"]
[BlackElo "1965"]
[BlackTeam "SK Ricklingen"]
[EventDate "2019.??.??"]
[PlyCount "121"]
[WhiteElo "2051"]
[WhiteTeam "Greifswalder SV"]

1. e4 c5 2. Nc3 a6 3. g3 b5 4. Bg2 Bb7 5. d3 e6 6. f4 Be7 7. Nf3 d5 8. e5 h5 9.
h3 Nh6 10. d4 Nf5 11. Ne2 Nc6 12. c3 b4 13. O-O a5 14. g4 hxg4 15. hxg4 Nh4 16.
Nxh4 Rxh4 17. Ng3 Qb6 18. Be3 Rc8 19. Rf2 Ba6 20. f5 cxd4 21. Bxd4 Nxd4 22.
cxd4 Bg5 23. Qf3 Qxd4 24. fxe6 f6 25. Nf5 Qxe5 26. Nxh4 Bxh4 27. Rd1 Bxf2+ 28.
Qxf2 d4 29. Qxd4 Qxd4+ 30. Rxd4 Rc1+ 31. Kh2 Rc2 32. Kg3 Bc4 33. Bd5 Bxd5 34.
Rxd5 a4 35. Ra5 Rxb2 36. Rxa4 Ke7 37. Ra6 Re2 38. Rb6 Rxa2 39. Rxb4 Kxe6 40.
Rb6+ Kf7 41. Rb7+ Kg6 42. Rb3 Ra4 43. Rc3 Kh6 44. Rb3 Kg5 45. Rb5+ Kh6 46. Rb3
Ra5 47. Rc3 Kg5 48. Rb3 g6 49. Rc3 Ra4 50. Rc5+ Kh6 51. Rc3 Ra1 52. Rb3 Rg1+
53. Kh3 Kg5 54. Rb5+ f5 55. gxf5 gxf5 56. Ra5 Rg4 57. Rb5 Re4 58. Kg3 Re3+ 59.
Kf2 Ra3 60. Rb4 f4 61. Rb8  1/2-1/2

[Event "31. DSenEM2019-Gruppe-50"]
[Site "Radebeul"]
[Date "2019.05.02"]
[Round "7.10"]
[White "Pirrot, Dieter"]
[Black "Lehr, Thomas"]
[Result "1-0"]
[BlackElo "1902"]
[BlackTeam "Husumer SV"]
[EventDate "2019.??.??"]
[PlyCount "107"]
[WhiteElo "2334"]
[WhiteTeam "SV Hofheim"]

1. e4 d5 2. exd5 Qxd5 3. Nf3 Bg4 4. Be2 Nc6 5. Nc3 Qd7 6. h3 Bxf3 7. Bxf3 Nf6 8.
O-O O-O-O 9. d3 Nd4 10. Be3 e6 11. a4 a6 12. a5 Bb4 13. Bxd4 Qxd4 14. Ra4 Qd6
15. Ne2 g5 16. c3 Bc5 17. d4 Ba7 18. Ng3 h5 19. Nxh5 Nxh5 20. Bxh5 f5 21. Re1
Rh6 22. Qe2 Rf8 23. Raa1 Bb8 24. g3 c6 25. Rad1 g4 26. hxg4 f4 27. Rd3 fxg3 28.
Rxg3 Qd8 29. Rg2 Qg5 30. c4 Bc7 31. b4 Rhf6 32. Qe3 Bf4 33. Qe4 Bd2 34. Re2
Bxb4 35. Qe3 Qxa5 36. c5 Qa1+ 37. Kh2 Bc3 38. Rg1 Qa5 39. g5 Rf4 40. Qxe6+ Kb8
41. Rg4 Rxf2+ 42. Rxf2 Rxf2+ 43. Kg3 Be1 44. Qe5+ Ka7 45. Kh3 Qc3+ 46. Rg3 Qd2
47. Rb3 Qf4 48. Qxf4 Rxf4 49. Bg4 Rxd4 50. g6 Rd8 51. Be6 Rh8+ 52. Kg4 Bf2 53.
g7 Rd8 54. Rc3  1-0

[Event "31. DSenEM2019-Gruppe-50"]
[Site "Radebeul"]
[Date "2019.05.02"]
[Round "7.11"]
[White "Kebbedies, Frank"]
[Black "Löw, Gerald"]
[Result "0-1"]
[BlackElo "2157"]
[BlackTeam "TSV Bindlach Aktionär"]
[EventDate "2019.??.??"]
[PlyCount "90"]
[WhiteElo "1740"]
[WhiteTeam "Rastede"]

1. d4 Nf6 2. c4 e6 3. Nc3 Bb4 4. Qc2 c5 5. dxc5 Bxc5 6. Bf4 Nc6 7. Nf3 Qa5 8. a3
d5 9. cxd5 exd5 10. e3 Ne4 11. Rc1 Bf5 12. Qa4 Qxa4 13. Nxa4 Be7 14. Bb5 Bd7
15. O-O g5 16. Bg3 h5 17. Nc3 h4 18. Bc7 g4 19. Ne5 Nxc3 20. Rxc3 Nxe5 21. Bxe5
Bxb5 22. Bxh8 Bxf1 23. Kxf1 f6 24. Bg7 Kd7 25. Bh6 Bd6 26. Bf4 Bxf4 27. exf4
Kd6 28. Ke2 Re8+ 29. Re3 Re4 30. g3 h3 31. Kd3 Rc4 32. Kd2 d4 33. Rb3 b6 34.
Rb5 Rc5 35. Rb3 Kd5 36. f3 gxf3 37. Rxf3 Ke4 38. Rb3 f5 39. Kd1 d3 40. Rb4+ Ke3
41. Rb3 Rc2 42. Rb5 Rxh2 43. Re5+ Kd4 44. Rxf5 Rxb2 45. Rh5 h2  0-1

[Event "31. DSenEM2019-Gruppe-50"]
[Site "Radebeul"]
[Date "2019.05.02"]
[Round "7.12"]
[White "Wunder, Stefan"]
[Black "Müller, Rudolf"]
[Result "0-1"]
[BlackElo "2071"]
[BlackTeam "Karlsruher SF"]
[EventDate "2019.??.??"]
[PlyCount "84"]
[WhiteElo "2032"]
[WhiteTeam "FC Nordhalben"]

1. Nf3 b6 2. g3 Bb7 3. Bg2 e6 4. O-O f5 5. d3 Nf6 6. c4 Bd6 7. Nc3 a6 8. e4 fxe4
9. Ng5 O-O 10. Ngxe4 Nc6 11. Nxd6 cxd6 12. Be3 Qc7 13. f4 Ne7 14. Bf3 Nf5 15.
Bf2 h5 16. Ne4 g6 17. Qb3 b5 18. cxb5 axb5 19. Rfc1 Qb8 20. h3 Nd5 21. Re1 Bc6
22. Rac1 Ra4 23. a3 Qb7 24. Kh2 Kg7 25. Ng5 h4 26. g4 Nd4 27. Bxd4+ Rxd4 28.
Rxe6 Rdxf4 29. Rce1 Kh6 30. Be4 dxe6 31. Nxe6 Rf2+ 32. Kg1 Qb6 33. g5+ Kh7 34.
d4 Ne7 35. Nxf8+ Rxf8 36. Qd3 Bxe4 37. Rxe4 Nf5 38. Qf3 Qd8 39. Qf4 Kg7 40. Re6
Qc8 41. Re2 Qc4 42. Re4 Qd3  0-1

[Event "31. DSenEM2019-Gruppe-50"]
[Site "Radebeul"]
[Date "2019.05.02"]
[Round "7.13"]
[White "Siggelkow, Axel"]
[Black "Schober, Ralf"]
[Result "1/2-1/2"]
[BlackElo "2070"]
[BlackTeam "SV Sundern"]
[EventDate "2019.??.??"]
[PlyCount "84"]
[WhiteElo "1933"]
[WhiteTeam "BSV Chemie Radebeul"]

1. d4 d6 2. Nf3 Bg4 3. e3 c6 4. Be2 Nf6 5. O-O Nbd7 6. b3 e6 7. Bb2 Bxf3 8. Bxf3
d5 9. c4 Bd6 10. Nc3 O-O 11. e4 dxe4 12. Nxe4 Nxe4 13. Bxe4 Bxh2+ 14. Kxh2 Qh4+
15. Kg1 Qxe4 16. Re1 Qf5 17. Re3 Rfe8 18. Qe2 Nf8 19. Re1 Ng6 20. g3 a6 21. Rf3
Qg4 22. d5 e5 23. d6 c5 24. Re3 Qxe2 25. R3xe2 Rad8 26. Bxe5 f6 27. Bc3 Rxe2
28. Rxe2 Rxd6 29. Kg2 Kf7 30. Re3 Ne7 31. b4 b6 32. a3 Re6 33. Rd3 Re4 34. bxc5
bxc5 35. Rd6 Rxc4 36. Ba5 Ra4 37. Rxa6 Rxa3 38. Ra7 Ra2 39. Kf3 Ke6 40. Ra6+
Kd5 41. Ra7 Kd6 42. Bc7+ Kc6  1/2-1/2

[Event "31. DSenEM2019-Gruppe-50"]
[Site "Radebeul"]
[Date "2019.05.02"]
[Round "7.14"]
[White "Noack, Mario"]
[Black "Pichler, Manfred"]
[Result "1-0"]
[BlackElo "2017"]
[BlackTeam "USV Halle"]
[EventDate "2019.??.??"]
[PlyCount "65"]
[WhiteElo "1944"]
[WhiteTeam "SC Großröhrsdorf]

1. c4 c6 2. d4 d5 3. cxd5 cxd5 4. Nc3 Nf6 5. Bf4 Nc6 6. e3 Bf5 7. Qb3 Qd7 8. Nf3
e6 9. Ne5 Qc8 10. Bb5 Be7 11. Qa4 a6 12. Bxc6+ bxc6 13. Nxc6 Nd7 14. Nxe7 Kxe7
15. O-O f6 16. Rac1 Qb7 17. Qa3+ Kf7 18. Na4 Rhc8 19. b3 g5 20. Bg3 h5 21. Rxc8
Rxc8 22. Rc1 e5 23. h3 h4 24. Bh2 Qb4 25. Qb2 Rc2 26. Qa1 Qd2 27. Rxc2 Bxc2 28.
dxe5 Bd1 29. Qc3 Qxa2 30. e6+ Kxe6 31. Qc6+ Kf5 32. Qxd5+ Kg6 33. Qxd1  1-0

[Event "31. DSenEM2019-Gruppe-50"]
[Site "Radebeul"]
[Date "2019.05.02"]
[Round "7.16"]
[White "Wagner, Bernd"]
[Black "Lauckner, Jörg"]
[Result "1/2-1/2"]
[BlackElo "1975"]
[BlackTeam "SG Leipzig"]
[EventDate "2019.??.??"]
[PlyCount "27"]
[WhiteElo "1948"]
[WhiteTeam "Aufbau Bernburg"]

1. Nf3 d5 2. e3 Nf6 3. b3 c5 4. Bb2 Bg4 5. Be2 Nc6 6. O-O e6 7. d4 Be7 8. Nbd2
O-O 9. c4 cxd4 10. Nxd4 Bxe2 11. Qxe2 Nxd4 12. Bxd4 Qa5 13. cxd5 Nxd5 14. Nc4 
1/2-1/2

[Event "31. DSenEM2019-Gruppe-50"]
[Site "Radebeul"]
[Date "2019.05.02"]
[Round "7.17"]
[White "Seils, Ralf"]
[Black "Kaiser, Sebastian"]
[Result "0-1"]
[BlackElo "1920"]
[BlackTeam "SC Großröhrsdorf]
[EventDate "2019.??.??"]
[PlyCount "76"]
[WhiteElo "1954"]
[WhiteTeam "SF Nordost Berlin"]

1. b4 c6 2. Bb2 Qb6 3. a3 a5 4. c4 axb4 5. c5 Qd8 6. axb4 Rxa1 7. Bxa1 d6 8. e3
Nf6 9. Nc3 Bf5 10. d4 e6 11. Nf3 h6 12. Be2 Be7 13. O-O O-O 14. h3 Nbd7 15. Bb2
Qc7 16. Qa4 b5 17. cxb6 Nxb6 18. Qb3 Nbd5 19. Nxd5 Nxd5 20. Nd2 Bg6 21. Rc1 Qb7
22. Ba3 Rb8 23. Nc4 Nxb4 24. Na5 Qa8 25. Bxb4 c5 26. dxc5 dxc5 27. Bf3 Qxa5 28.
Bxa5 Rxb3 29. Bd1 Ra3 30. Bb6 Bd3 31. g3 c4 32. Bd4 Ra2 33. Kg2 Ba3 34. Rc3 Bb2
35. Rxd3 cxd3 36. Kf3 Bxd4 37. exd4 Ra1 38. Bb3 Re1  0-1

[Event "31. DSenEM2019-Gruppe-50"]
[Site "Radebeul"]
[Date "2019.05.02"]
[Round "7.18"]
[White "Steinert, Frank"]
[Black "Bigott, Martin"]
[Result "0-1"]
[BlackElo "1782"]
[BlackTeam "SF Lohmar"]
[EventDate "2019.??.??"]
[PlyCount "72"]
[WhiteElo "1960"]
[WhiteTeam "SV Dresden-Leuben"]

1. e4 Nf6 2. e5 Nd5 3. d4 d6 4. Nf3 Bf5 5. Bd3 Bxd3 6. Qxd3 Nc6 7. Qb3 Nb6 8. e6
fxe6 9. h4 Qd7 10. Be3 O-O-O 11. Ng5 Re8 12. Nxe6 Na5 13. Nxf8 Nxb3 14. Nxd7
Nxa1 15. Nxb6+ axb6 16. Kd2 Nxc2 17. Kxc2 b5 18. Nc3 c6 19. a3 Rhf8 20. h5 e5
21. Rh4 Rf5 22. Ne4 Kd7 23. Ng3 Rf7 24. Re4 exd4 25. Rxe8 Kxe8 26. Bxd4 d5 27.
Be5 Rxf2+ 28. Kd3 g6 29. Ke3 Rxg2 30. h6 c5 31. Kf3 Rh2 32. Nf5 Rh1 33. Nd6+
Kd7 34. Nxb5 Rxh6 35. Nc3 Rh5 36. Kf4 Rf5+  0-1

[Event "31. DSenEM2019-Gruppe-50"]
[Site "Radebeul"]
[Date "2019.05.02"]
[Round "7.19"]
[White "Nekrasov, Mihail"]
[Black "Becker, Michael"]
[Result "1/2-1/2"]
[BlackElo "2272"]
[BlackTeam "USV Halle"]
[EventDate "2019.??.??"]
[PlyCount "50"]
[WhiteElo "2277"]
[WhiteTeam "SV Hockenheim"]

1. e4 c5 2. Nf3 d6 3. d4 cxd4 4. Nxd4 Nf6 5. Nc3 g6 6. Be2 Bg7 7. O-O O-O 8. Bg5
Nc6 9. Nb3 Be6 10. Kh1 Rc8 11. f4 a6 12. Bf3 b5 13. Nd5 Bxd5 14. exd5 Na5 15.
Nxa5 Qxa5 16. c3 b4 17. cxb4 Qxb4 18. Qe2 h6 19. Bh4 Rfe8 20. Bg3 Rc5 21. Rfd1
a5 22. Rac1 Nd7 23. b3 Bf6 24. Rxc5 Qxc5 25. Bf2 Qa3  1/2-1/2

[Event "31. DSenEM2019-Gruppe-50"]
[Site "Radebeul"]
[Date "2019.05.02"]
[Round "7.20"]
[White "Schöttker, Jochen"]
[Black "Eilmes, Franco"]
[Result "1-0"]
[BlackElo "1778"]
[BlackTeam "SV Traktor Priestewitz"]
[EventDate "2019.??.??"]
[PlyCount "79"]
[WhiteElo "1896"]
[WhiteTeam "SC Northeim"]

1. d4 Nf6 2. Nf3 g6 3. Bf4 Bg7 4. e3 O-O 5. h3 d6 6. Be2 c5 7. c3 cxd4 8. exd4
a6 9. a4 Be6 10. O-O Nd5 11. Bh2 Bh6 12. Nbd2 Nf4 13. Bxf4 Bxf4 14. Re1 Nd7 15.
c4 Nf6 16. Bf1 d5 17. c5 Bd7 18. g3 Bc7 19. b4 a5 20. b5 b6 21. c6 Bc8 22. Ne5
e6 23. Ndf3 Ne4 24. Bg2 f6 25. Nd3 Ra7 26. Nd2 Nxd2 27. Qxd2 Bd6 28. Re2 Re7
29. f4 Qc7 30. Rf1 Rg7 31. g4 h5 32. g5 fxg5 33. fxg5 Rxf1+ 34. Bxf1 Rf7 35.
Ne5 Bxe5 36. Rxe5 Rf5 37. Qe3 Qf7 38. Rxf5 exf5 39. Be2 Kg7 40. Qe5+  1-0

[Event "31. DSenEM2019-Gruppe-50"]
[Site "Radebeul"]
[Date "2019.05.02"]
[Round "7.21"]
[White "Gerks, Joachim"]
[Black "Sand, Rosemarie"]
[Result "1/2-1/2"]
[BlackElo "1819"]
[BlackTeam "SF Pfullingen"]
[EventDate "2019.??.??"]
[PlyCount "27"]
[WhiteElo "1777"]
[WhiteTeam "SK Norderstedt"]

1. e4 c5 2. Nc3 d6 3. g3 Nc6 4. Bg2 g6 5. Nge2 Bg7 6. O-O e6 7. d3 Nge7 8. Be3
O-O 9. Qd2 a6 10. Bh6 e5 11. Bxg7 Kxg7 12. h3 f5 13. f4 Rb8 14. Kh2  1/2-1/2

[Event "31. DSenEM2019-Gruppe-50"]
[Site "Radebeul"]
[Date "2019.05.02"]
[Round "7.22"]
[White "Wulff, Jens-Peter"]
[Black "Reitmaier, Adolf"]
[Result "1-0"]
[BlackElo "1476"]
[BlackTeam "vereinslos"]
[EventDate "2019.??.??"]
[PlyCount "113"]
[WhiteElo "1809"]
[WhiteTeam "SV Grevesmühlen"]

1. d4 d5 2. Nf3 Nf6 3. Bf4 e6 4. Nbd2 Be7 5. e3 Nbd7 6. Bd3 Nh5 7. Bg3 Nxg3 8.
hxg3 h6 9. Ne5 Bf6 10. f4 Nxe5 11. dxe5 Be7 12. Qg4 O-O 13. Rxh6 f5 14. exf6
Rxf6 15. Rxf6 Bxf6 16. c3 e5 17. f5 e4 18. Be2 Qd7 19. Qf4 Qxf5 20. Qxc7 Qd7
21. Qxd7 Bxd7 22. O-O-O Ba4 23. b3 Bc6 24. Kc2 Rc8 25. Bg4 Rc7 26. Be6+ Kf8 27.
Nb1 Bb5 28. Bxd5 Bd3+ 29. Rxd3 exd3+ 30. Kxd3 Ke7 31. c4 a6 32. b4 b6 33. Nd2
Bb2 34. a4 a5 35. b5 Ba3 36. g4 Bb4 37. Nf3 Kd6 38. e4 Re7 39. e5+ Rxe5 40. g5
Rxd5+ 41. cxd5 Kxd5 42. g6 Bc5 43. g4 Bf2 44. Nd2 Ke5 45. Kc4 Be3 46. Nb3 Bf2
47. Nc1 Ke4 48. Ne2 Ke5 49. Nc3 Bg1 50. Nd5 Kd6 51. Nf4 Ke7 52. Kd5 Be3 53. Nh5
Kf8 54. Ke6 Bd4 55. Ng3 Bf2 56. Nf5 Bc5 57. Kd7  1-0

[Event "31. DSenEM2019-Gruppe-50"]
[Site "Radebeul"]
[Date "2019.05.02"]
[Round "7.23"]
[White "Weser, Dietmar"]
[Black "John, Bernd"]
[Result "1/2-1/2"]
[BlackElo "1796"]
[BlackTeam "SC Sonthofen"]
[EventDate "2019.??.??"]
[PlyCount "67"]
[WhiteElo "1566"]
[WhiteTeam "SV Traktor Priestewitz"]

1. e4 c5 2. Nf3 Nc6 3. c3 e6 4. d4 cxd4 5. cxd4 Bb4+ 6. Nc3 Nf6 7. Bd3 h6 8. O-O
O-O 9. Bd2 Re8 10. a3 Ba5 11. Bc2 d6 12. h3 Bb6 13. Be3 e5 14. Re1 exd4 15.
Bxd4 Bxd4 16. Nxd4 Be6 17. Nxe6 fxe6 18. Ba4 a6 19. Bxc6 bxc6 20. e5 Nd5 21.
Nxd5 cxd5 22. Rc1 dxe5 23. Rxe5 Rc8 24. Rxc8 Qxc8 25. Re2 Qd7 26. Rc2 Rc8 27.
Qd3 Rxc2 28. Qxc2 Kf7 29. Qe2 d4 30. Qf3+ Ke7 31. Qd3 e5 32. f3 Qc6 33. Kf2 Qb6
34. b4  1/2-1/2